000
00329nam a22001457a 4500
003
macl
005
20170517173821.0
008
170517b xxu||||| |||| 00| 0 eng d
040
_c
macl
082
_a
910
100
_a
NCERT
_9
4590
245
_a
The Earth : Our Habitat Class VI
650
_a
Geography
_9
67139
942
_2
ddc
_c
BK
999
_c
56329
_d
56329